Les Planètes dans Star Wars - Statistiques

Statistiques générales
  • Ce quiz a été pris 616 fois
  • Le résultat moyen est 14 sur 25
Statistiques - réponses
Evènement Planète/astre % Correct
Mariage d'Anakin et Padmé Naboo
95%
Palpatine est proclamé Empereur Coruscant
88%
Course de la Boonta Eve Tatooine
88%
Yoda s'installe en exil Dagobah
86%
Luke Skywalker est attaqué par un wampa Hoth
85%
Céation d'une armée de Clones Kamino
80%
Les derniers chefs Séparatistes sont assassinés par Dark Vador Mustafar
80%
Première bataille de la Guerre des Clones Geonosis
78%
L'Alliance Rebelle utilise un temple Massassi comme base secrète Yavin IV
75%
Leia rencontre Wicket Endor
73%
Han Solo est gelé dans de la carbonite Bespin
69%
Rey recueille BB-8 Jakku
69%
Tarfful et Chewbacca mènent leurs troupes face aux Séparatistes Kashyyyk
68%
Destruction par l'Etoile Noire Alderaan
64%
Mort de Han Solo Base Starkiller
60%
Obi-Wan Kenobi tue le Général Grievous Utapau
56%
Mort du maître Jedi Aayla Secura Felucia
52%
Rey a une vision en touchant le sabre laser de Luke Takodana
34%
Mort du maître Jedi Ki-Adi-Mundi Mygeeto
26%
Naissance de Luke et Leia Polis Massa
26%
Rey retrouve Luke Skywalker, parti en exil Ahch-To
19%
R2-D2 est réactivé pour la première fois depuis l'exil de Luke D'Qar
19%
Mort du maître Jedi Plo Koon Cato Neimoidia
15%
Destruction de la Nouvelle République Hosnian Prime
15%
Mort du maître Jedi Stass Allie Saleucami
15%
Aucun quiz correspondant
Distribution des résultats
% des personnes avec chaque résultat
Percentile par nombre de réponses
Votre historique - résultats
Vous n’avez pas pris ce quiz